000 00347nam a2200133Ia 4500
008 240624s9999 xx 000 0 und d
041 _aeng
082 _a658.5 KAL
100 _aKALE SHAILENDRA
245 _aPRODUCTION AND OPERATION MANAGEMENT
260 _c2015
_aNew Delhi
_bTata McGraw-Hill
300 _a607 : p. : cm. ; 22
365 _cRS
_b33
999 _c25814
_d25814